| 000 | 00652nam a22002417a 4500 | ||
|---|---|---|---|
| 999 |
_c172730 _d172730 |
||
| 005 | 20200212112158.0 | ||
| 010 | _aENG-127810 | ||
| 020 |
_c240.00 _a9788181805089 |
||
| 035 | _aEN-111342 | ||
| 037 | _bDBAD/PUB | ||
| 082 | _a580 | ||
| 100 | _aChristopher,T | ||
| 245 |
_aB.Sc.third year semester-v&vi Botany/ _cby T.Christopher...[et al] |
||
| 250 | _a1st ed. | ||
| 260 |
_aHyderabad _bTelugu Akademi _c2018 |
||
| 270 |
_bHyderabad _e500029 |
||
| 300 |
_a616p _c24cm(pbk) |
||
| 700 | _aReddy,V.Krishna | ||
| 700 | _aMohammed Mustafa | ||
| 700 | _aReddy,B.Vijayapal | ||
| 700 | _aE.Sujatha | ||
| 942 |
_2ddc _cEN _mCHR _h580 |
||